Statistics for Countries by Dutch Ancestry

Click here to take the quiz!

General Stats

  • This quiz has been taken 52 times
  • The average score is 17 of 20

Answer Stats

DutchCountry% Correct
450.000Germany
100%
120.000Belgium
98%
40.000United Kingdom
98%
5.000.000United States
98%
850.000France
93%
1.000.000Canada
90%
325.000Australia
88%
15.000Denmark
86%
12.000Italy
86%
100.000New Zealand
86%
2.700.000South Africa
86%
22.000Spain
86%
8.000Norway
83%
30.000Sweden
83%
1.200.000Brazil
81%
340.000Argentina
79%
35.000Indonesia
79%
10.800Portugal
74%
15.700Chile
55%
55.000Namibia
48%

Score Distribution

Percentile by Number Answered

Percent of People with Each Score

Your Score History

You have not taken this quiz